000 00422nam a2200181Ia 4500
001 3775
005 20260306145708.0
008 260306t2015||||xx |||||||||||||| ||spa||
041 _aESP
082 _a303.372
_bC32
100 _aCasal, Paula
_eAUT
245 0 _aUn reparto más justo del planeta
260 _c2015
300 _a134 páginas :
_c23 cm.
650 _aGEN
654 _aCHU
942 _cLIB
_dJUS
_fJUS
_2ddc
_n
999 _c3775
_d3775